000 00285nam a2200121Ia 4500
008 190216s9999||||xx |||||||||||||| ||und||
100 _aAnstey Vera
245 3 _aAn Introduction To Economics
260 _bEnglish Uty Press
_c1964
300 _a224p
650 _aEconomics
942 _cBK
999 _c9120
_d9120